Lễ hội dân gian của người Việt ở Quảng Bình

Sách giới thiệu khái quát về thiên nhiên, lịch sử và dân cư ở Quảng Bình, giới thiệu tổng quan về lễ hội dân gian, định hướng bảo tồn và phát huy giá trị của lễ hội người Việt ở Quảng Bình...

وصف كامل

محفوظ في:
التفاصيل البيبلوغرافية
المؤلف الرئيسي: Nguyễn, Văn Lợi
التنسيق: كتاب
اللغة:Undetermined
منشور في: Hà Nội Nxb. Đại học Quốc gia Hà Nội 2010
الموضوعات:
الوسوم: إضافة وسم
لا توجد وسوم, كن أول من يضع وسما على هذه التسجيلة!
Thư viện lưu trữ: Trung tâm Học liệu Trường Đại học Cần Thơ
LEADER 00989nam a2200205Ia 4500
001 CTU_167665
008 210402s9999 xx 000 0 und d
082 |a 394.269597 
082 |b L462 
100 |a Nguyễn, Văn Lợi 
245 0 |a Lễ hội dân gian của người Việt ở Quảng Bình 
245 0 |c Nguyễn Văn Lợi, Nguyễn Văn Mạnh 
260 |a Hà Nội 
260 |b Nxb. Đại học Quốc gia Hà Nội 
260 |c 2010 
520 |a Sách giới thiệu khái quát về thiên nhiên, lịch sử và dân cư ở Quảng Bình, giới thiệu tổng quan về lễ hội dân gian, định hướng bảo tồn và phát huy giá trị của lễ hội người Việt ở Quảng Bình 
650 |a Folk festivals,Lễ hội dân gian 
650 |z Vietnam,Việt Nam 
904 |i Trọng Hải 
980 |a Trung tâm Học liệu Trường Đại học Cần Thơ